| 000 | 00581nam a2200169Ia 4500 | ||
|---|---|---|---|
| 003 | IN-BaIIA | ||
| 008 | 211028s9999 xx 000 0 eng d | ||
| 040 | _cIIA Library | ||
| 080 |
_a(035)54 _bMOD |
||
| 100 |
_aHodgman Charles, D. _93882 |
||
| 245 | 0 |
_aHandbook of chemistry and physics _ba ready reference book of chemical and physical data. _cD. Hodgman Charles |
|
| 260 |
_aOhio _bThe Chemical Rubber Publishing Company _c1961 |
||
| 300 | _axxiii, 3513p. | ||
| 650 |
_aChemical Data _93883 |
||
| 650 |
_aPhysical Data _93884 |
||
| 942 | _cBK | ||
| 999 |
_c2066 _d2066 |
||